The color of silver (Record no. 7146)
[ view plain ]
| 000 -CABECERA | |
|---|---|
| campo de control de longitud fija | 00953nam a2200265 a 4500 |
| 001 - NÚMERO DE CONTROL | |
| campo de control | BRCA_7470 |
| 005 - FECHA Y HORA DE LA ÚLTIMA TRANSACCIÓN | |
| campo de control | 20190320205841.0 |
| 008 - DATOS DE LONGITUD FIJA--INFORMACIÓN GENERAL | |
| campo de control de longitud fija | 100413s2000----u--a######---#000-0#eng-# |
| 020 ## - NÚMERO INTERNACIONAL ESTÁNDAR DEL LIBRO | |
| Número Internacional Estándar del Libro | 0807125334 |
| 041 ## - CÓDIGO DE LENGUA | |
| Código de lengua del texto/banda sonora o título independiente | eng |
| 044 ## - CÓDIGO DEL PAÍS DE LA ENTIDAD EDITORA/PRODUCTORA | |
| Código MARC del país | u |
| 050 #4 - SIGNATURA TOPOGRÁFICA DE LA BIBLIOTECA DEL CONGRESO | |
| Número de clasificación | NK7198.S6 |
| Número de documento/Ítem | .L58 2000 |
| 100 1# - ENTRADA PRINCIPAL--NOMBRE DE PERSONA | |
| Nombre de persona | Littleton, Taylor |
| 9 (RLIN) | 6124 |
| 245 10 - MENCIÓN DE TÍTULO | |
| Título | The color of silver |
| Resto del título | William Spratling, his life and art |
| Mención de responsabilidad, etc. | Taylor D. Littleton. |
| 260 ## - PUBLICACIÓN, DISTRIBUCIÓN, ETC. | |
| Lugar de publicación, distribución, etc. | Baton Rouge |
| Nombre del editor, distribuidor, etc. | Louisiana State University Press |
| Fecha de publicación, distribución, etc. | 2000 |
| 300 ## - DESCRIPCIÓN FÍSICA | |
| Extensión | xviii, 322 p. |
| Otras características físicas | il., 52 láminas |
| Dimensiones | 24 cm. |
| 440 #0 - MENCIÓN DE SERIE/PUNTO DE ACCESO ADICIONAL--TÍTULO | |
| Título | Southern biography series |
| 9 (RLIN) | 6125 |
| 500 ## - NOTA GENERAL | |
| Nota general | Incluye índice alfabético |
| 504 ## - NOTA DE BIBLIOGRAFÍA, ETC. | |
| Nota de bibliografía, etc. | Bibliografía: p. [307]-314 |
| 600 14 - PUNTO DE ACCESO ADICIONAL DE MATERIA--NOMBRE DE PERSONA | |
| Nombre de persona | Spratling, William |
| Fechas asociadas al nombre | 1900-1967 |
| 9 (RLIN) | 6126 |
| 650 14 - PUNTO DE ACCESO ADICIONAL DE MATERIA--TÉRMINO DE MATERIA | |
| Término de materia o nombre geográfico como elemento de entrada | Plateros |
| Subdivisión de forma | Biografías |
| Subdivisión geográfica | México - Taxco de Alarcón |
| 9 (RLIN) | 6127 |
| 650 14 - PUNTO DE ACCESO ADICIONAL DE MATERIA--TÉRMINO DE MATERIA | |
| Término de materia o nombre geográfico como elemento de entrada | Platería |
| Subdivisión general | Historia |
| Subdivisión cronológica | Siglo XX |
| Subdivisión geográfica | México |
| 9 (RLIN) | 6128 |
| 650 14 - PUNTO DE ACCESO ADICIONAL DE MATERIA--TÉRMINO DE MATERIA | |
| Término de materia o nombre geográfico como elemento de entrada | Decoración y ornamentación |
| Subdivisión general | Art deco |
| Subdivisión geográfica | México - Taxco de Alarcón |
| 9 (RLIN) | 6129 |
| 942 ## - ELEMENTOS DE PUNTO DE ACCESO ADICIONAL (KOHA) | |
| Fuente del sistema de clasificación o colocación | Library of Congress Classification |
| Tipo de ítem Koha | Libros |
| Estado de retiro | Estado de pérdida | Estado dañado | No para préstamo | Localización permanente | Ubicación/localización actual | Fecha de adquisición | Total de préstamos | Signatura topográfica completa | Código de barras | Fecha visto por última vez | Precio válido a partir de | Tipo de ítem Koha |
|---|---|---|---|---|---|---|---|---|---|---|---|---|
| El ejemplar forma parte de la colección y puede ser consultado según las políticas vigentes. | Biblioteca del Museo Franz Mayer (Rogerio Casas-Alatriste) | Biblioteca del Museo Franz Mayer (Rogerio Casas-Alatriste) | 10/04/2013 | NK7198.S6 .L58 2000 | 02731 | 22/03/2019 | 22/03/2019 | Libros |